| 000 | 00344nam a22001337a 4500 | ||
|---|---|---|---|
| 003 | SGT | ||
| 020 | _a978-0683-06505-3 | ||
| 082 |
_a616.855 _bT96N |
||
| 100 | _aNICOLASI, LUCILLE | ||
| 245 | _aTERMINOLOGY OF COMMUNICATION DISORDERS SPEECH- LANGUAGE- HEARING | ||
| 260 |
_aPHILADELPHIA _bLIPPINCOTT _c1996 |
||
| 300 | _a369 | ||
| 942 |
_2ddc _cBK |
||
| 999 |
_c15439 _d15439 |
||